Biting back (Record no. 74883)

MARC details
000 -LEADER
fixed length control field 01337cam a2200241 4500
001 - CONTROL NUMBER
control field ABS68695
008 - FIXED-LENGTH DATA ELEMENTS--GENERAL INFORMATION
fixed length control field 050304n2005 000 0 eng u
035 ## - SYSTEM CONTROL NUMBER
System control number (Sirsi) u128950
100 ## - MAIN ENTRY--PERSONAL NAME
Personal name Harris, P.
245 ## - TITLE STATEMENT
Title Biting back
260 ## - PUBLICATION, DISTRIBUTION, ETC.
Date of publication, distribution, etc. 2005
490 ## - SERIES STATEMENT
Series statement Building
Volume/sequential designation 270(8370) 25 February 2005, 52-53(2)
520 ## - SUMMARY, ETC.
Summary, etc. Discusses the review of the Housing, Grants Construction and Regeneration Act 1996 Part II by the Payment Working Group. One of the recommendations of the group is to remove s110(2) of the Act which requires a formal payment notice by the payer and a due date for payment. Acknowledges that the motives for this suggestion are understandable as payers frequently fail to submit their s110(2) notice and there is no sanction against this. However, argues that it would be better to keep the s110(2) and apply a sanction for default rather than abolish it altogether.
590 ## - LOCAL NOTE (RLIN)
Local note ABS
650 ## - SUBJECT ADDED ENTRY--TOPICAL TERM
Topical term or geographic name entry element HOUSING GRANTS, CONSTRUCTION AND REGENERATION ACT 1996 PART II
650 ## - SUBJECT ADDED ENTRY--TOPICAL TERM
Topical term or geographic name entry element HOUSING GRANTS, CONSTRUCTION AND REGENERATION ACT 1996 S110(2)
650 ## - SUBJECT ADDED ENTRY--TOPICAL TERM
Topical term or geographic name entry element SECTION 110(2) NOTICES
650 ## - SUBJECT ADDED ENTRY--TOPICAL TERM
Topical term or geographic name entry element PAYMENT NOTICES
650 ## - SUBJECT ADDED ENTRY--TOPICAL TERM
Topical term or geographic name entry element ACSIM SOUTHERN LTD V DANISH CONTRACTING AND DEVELOPMENT CO
650 ## - SUBJECT ADDED ENTRY--TOPICAL TERM
Topical term or geographic name entry element A CAMERON LTD V JOHN MOWLEM AND CO PLC
690 ## - LOCAL SUBJECT ADDED ENTRY--TOPICAL TERM (OCLC, RLIN)
Topical term or geographic name as entry element BUILT ENVIRONMENT-BUILDING CONTRACT FORMS
942 ## - ADDED ENTRY ELEMENTS (KOHA)
Suppress in OPAC 0
Holdings
Withdrawn status Lost status Source of classification or shelving scheme Damaged status Not for loan Home library Current library Shelving location Date acquired Total Checkouts Full call number Barcode Date last seen Copy number Price effective from Koha item type
    Dewey Decimal Classification     London London Journal article 07/03/2005   ABS68695 128950-1001 06/08/2019 1 06/08/2019 Journal article